El emprendedor de éxito (Registro nro. 28923)

Detalles MARC
000 -LÍDER
fixed length control field 00610nam a22002177a 4500
003 - IDENTIFICADOR DEL NÚMERO DE CONTROL
control field ITZ
005 - FECHA Y HORA DE LA ULTIMA TRANSACCIÓN
Campo de control 20230224092555.0
008 - ELEMENTOS DE LONGITUD FIJA -- INFORMACIÓN GENERAL
fixed length control field 230224b |||||||| |||| 00| 0 spa d
020 ## - NÚMERO INTERNACIONAL NORMALIZADO PARA LIBROS
ISBN 978-607-15-1278-9
035 ## - Número de ficha (Janium)
Número de ficha (Janium) 17292
041 ## - CÓDIGO DE IDIOMA
Código de idioma para texto/pista de sonido o título separado spa
050 ## - SIGNATURA TOPOGRAFICA DE LA BIBLIOTECA DEL CONGRESO (LC)
Número de Clasificación HB615
Cutter A53 2015
082 ## - NUMERO DE CLASIFICACION DECIMAL DEWEY
Número de Clasificación 658.401
Cutter A665ee 2015
100 1# - ASIENTO PRINCIPAL--NOMBRE PERSONAL
Nombre personal Alcaraz Rodríguez, Rafael
245 ## - TÍTULO
Título El emprendedor de éxito
Mención de responsabilidad, etc. Rafael Alcaraz Rodríguez
250 ## - MENCIÓN DE EDICIÓN
Mención de edición 5
260 ## - PUBLICACIÓN, DISTRIBUCIÓN, ETC. (PIE DE IMPRENTA)
Lugar de publicación, distribución, etc. México:
Nombre del editor, distribuidor, etc. Mc Graw Hill / Interamericana,
Fecha de publicación, distribución, etc. 2015
300 ## - DESCRIPCIÓN FÍSICA
Extensión 328 p. : il.
Dimensiones 27 cm.
650 ## - ASIENTO SECUNDARIO DE MATERIA - TERMINO TEMÁTICO
Término temático o nombre geográfico como elemento de entrada 1. EMPRENDEDORES 2. ADMINISTRACIÓN DE EMPRESAS
942 ## - TIPO DE MATERIAL (KOHA)
Koha item type Libros
Existencias
No. biblioteca No. biblioteca Número de clasificación Código de barras/Número de adquisición Número de copia Tipo de material Otras carreras
INGENIERÍA EN ADMINISTRACIÓN INGENIERÍA EN ADMINISTRACIÓN 658.401 A665ee 2015 53685 1 Libros INGENIERÍA EN GESTIÓN EMPRESARIAL
INGENIERÍA EN ADMINISTRACIÓN INGENIERÍA EN ADMINISTRACIÓN 658.401 A665ee 2015 53686 2 Libros INGENIERÍA EN GESTIÓN EMPRESARIAL
INGENIERÍA EN ADMINISTRACIÓN INGENIERÍA EN ADMINISTRACIÓN 658.401 A665ee 2015 53874 4 Libros INGENIERÍA EN GESTIÓN EMPRESARIAL
INGENIERÍA EN ADMINISTRACIÓN LUIS G. INCLAN 658.401 A665ee 2015 53873 3 Libros INGENIERÍA EN GESTIÓN EMPRESARIAL
Calzada Tecnológico # 27, Zacatepec, Morelos.
01(734) 343-07-23 / 343-21-10 / 343-21-11
Apdo. Postal 45 C.P 62780